000
00313nam a2200109Ia 4500
008
200302s9999 xx 000 0 und d
100
_a
Nasir Baharuddin & Others
245
_a
Stedex 09 Sustainable Tropical Environmental Design Exhibtion
260
_b
Universiti Putra Malaysia
260
_c
2009
300
_a
155 P.,
999
_c
2985
_d
2985